| 000 | 00465nam a2200157Ia 4500 | ||
|---|---|---|---|
| 005 | 20250520013944.0 | ||
| 008 | 240331s9999 xx 000 0 und d | ||
| 020 | _a9559496115 | ||
| 082 |
_bKAR _a323.4 |
||
| 100 | _aKarunadasa,W.M | ||
| 245 | 0 |
_aGatum nirakaranayata handinweemak : _ban introduction to conflics resolution |
|
| 260 |
_aDehiwala _bImage Lanka Publishers _c2003 |
||
| 300 | _a135 p ., | ||
| 500 | _aAn Introduction To Conflict Resolution | ||
| 942 | _cL | ||
| 999 |
_c5264 _d5264 |
||